01126nab a22002417a 4500999001500000003000400015005001700019008004100036040000700077100003500084245010200119260007200221300001300293500003900306505014300345505008900488650002600577650003000603650004100633650005800674773013900732942001300871 c5888d5888OSt20260109231358.0190605e xxu||||| |||| 00| 0 spa d cPJ 94420aToledo Ríos, Rafael E.13aEl trabajo infantil y adolescente en casas particulares (ley 26.844) / cRafael E. Toledo Ríos. aCiudad Autónoma de Buenos Aires :bThomson Reuters La Ley,c2023. ap. 26-34 aCita: TR LALEY AR/DOC/1402/2023.  aSumario: I. Objeto.— II. Normativa.— III. Corte Interamericana de Derechos Humanos.— IV. Realidad social.— V. Acciones positivas.  t¿Te interesa el texto completo? Solicitalo al correo: koha@justierradelfuego.gov.ar 091316aDERECHO LABORAL 091323aCONTRATO DE TRABAJO 094447aPERSONAL DE CASAS PARTICULARES 092741aDERECHOS DE LAS NIÑAS, NIÑOS Y ADOLESCENTES0 0271193168dCiudad Autónoma de Buenos Aires : Thomson Reuters La Ley, 1999-2002.tRevista de derecho del trabajo. Nº 4 - Julio 2023 2udccANA